00646nam a2200193Ia 4500952014300000999001700143003000400160005001700164008004100181020001800222040000900240082001800249100002700267245003800294260004900332300000900381650002000390942004200410 00102ddc40708ISLAMaMESbMEScISLd2019-02-20g230.00l1o297.61 KAM/Kp38677r2021-11-29 00:00:00s2021-11-15w2019-02-20yBKzGL46R3 c23328d23328OSt20200206111136.0190216s9999||||xx |||||||||||||| ||und|| a9788182717183 coclc a297.61bKAM/K aKamaludheen, K P91845 0aKhaleefa Usman /cK P Kamaludheen bIslamic Publishing House,c2015.aKozhikode: a251p aIslamic History cBK2ddch297.61iKAM/Kk297.61mKAM/K